| 000 | 00843nam a2200205 4500 | ||
|---|---|---|---|
| 003 | LK-CoMWRAF | ||
| 005 | 20240331121739.0 | ||
| 008 | 240331b1995 |||||||| |||| 00| 0 eng d | ||
| 040 |
_aLK-CoMWRAF _dLK-CoMWRAF _eLK-CoMWRAF |
||
| 041 | _atam | ||
| 082 | _bKIR | ||
| 245 | _aகிராமத்து இதயம் ( இலங்கை முஸ்லிம்களின் நாட்டுப்புறக் பாடல்கள்) | ||
| 246 | _aKirāmattu itayam (ilaṅkai muslimkaḷiṉ nāṭṭuppuṟak pāṭalkaḷ) | ||
| 246 | _aFolk songs of the Muslims of Sri Lanka | ||
| 260 |
_aColombo: _bMinistry of cultural & religious affairs, _c1995 |
||
| 300 | _axvi., 118 p. | ||
| 650 | _aFOLK SONGS-Muslims-Sri Lanka | ||
| 700 |
_aஜெமீல், எஸ்.எச்.எம். _yJameel, S.H.M. _ecomp. |
||
| 942 | _cBK | ||
| 999 |
_c4875 _d4875 |
||